Statistics for Државе на слово Е

Click here to take the quiz!

General Stats

  • This quiz has been taken 877 times
  • The average score is 5 of 8

Answer Stats

Држава% Correct
Естонија
87%
Етиопија
80%
Еквадор
76%
Еритреја
70%
Египат
61%
Екваторијална Гвинеја
51%
Есватини
40%
Ел Салвадор
36%

Score Distribution

Percentile by Number Answered

Percent of People with Each Score

Your Score History

You have not taken this quiz